000 00444cam a2200181 4500
001 D15069
008 090401t1968 xxu||||| |||| 00| 0 eng d
035 _a(Sirsi) u20053
041 _aeng
110 _aRoyal Institution of Chartered Surveyors
_bScottish Branch
_9830
245 _aAnnual report 1967-8
260 _bRICS
_c1968
300 _a42p
350 _a0
520 _aFiled in box 1968/27 AB
942 _n0
948 _c04/03/1997
999 _c87752
_d87752